| 000 | 00777nam a2200265Ia 4500 | ||
|---|---|---|---|
| 003 | OSt | ||
| 005 | 20220928113653.0 | ||
| 006 | a|||||r|||| 00| 0 | ||
| 007 | ta | ||
| 008 | 220927b |||||||| |||| 00| 0 eng d | ||
| 024 | _a56937 | ||
| 037 | _cTextual | ||
| 040 |
_aSDCL _cSDCL _beng |
||
| 041 |
_2eng _aeng |
||
| 082 | _aY15-49.3'N8, M1 | ||
| 100 |
_aFogarty Michael P _9434379 |
||
| 245 | 0 | _aWomen in top jobs 1968-1979 | |
| 260 |
_aLondon _bHeinemann Educational Books _c1981 |
||
| 300 |
_avii,273p _ccm. |
||
| 490 | _aPolicy Studies Institute | ||
| 700 |
_a Allen Isobel _9434380 |
||
| 700 |
_a Walters Patricia _9434381 |
||
| 942 |
_hY15-49.3'N8, M1 _cTEXL _2CC |
||
| 999 |
_c750718 _d750718 |
||